Gestión y control del riesgo de crédito en la banca / (Registro nro. 8171)

Detalles MARC
000 -LEADER
fixed length control field 03223nam a2200313Ia 4500
003 - CONTROL NUMBER IDENTIFIER
control field OSt
005 - DATE AND TIME OF LATEST TRANSACTION
control field 20210723235604.0
008 - FIXED-LENGTH DATA ELEMENTS--GENERAL INFORMATION
fixed length control field 210310t2014 sp ad gr 000 0dspa d
020 ## - INTERNATIONAL STANDARD BOOK NUMBER
International Standard Book Number 9788492954131
040 ## - CATALOGING SOURCE
Original cataloging agency CO-JMCR
Transcribing agency CO-JMCR
041 0# - LANGUAGE CODE
Language code of text/sound track or separate title spa
082 04 - DEWEY DECIMAL CLASSIFICATION NUMBER
Classification number 332.7 /
Item number G569g
Edition number 23
100 1# - MAIN ENTRY--PERSONAL NAME
Personal name Gómez Fernández-Aguado, Pilar,
9 (RLIN) 16526
Relator term autora
245 10 - TITLE STATEMENT
Title Gestión y control del riesgo de crédito en la banca /
Statement of responsibility, etc. Pilar Gómez Fernández-Aguado, Antonio Partal Ureña ; prólogo de Prosper Lamothe Fernández
250 ## - EDITION STATEMENT
Edition statement Primera edición
260 ## - PUBLICATION, DISTRIBUTION, ETC.
Place of publication, distribution, etc. Madrid :
Name of publisher, distributor, etc. Delta Publicaciones,
Date of publication, distribution, etc. ©2014
300 ## - PHYSICAL DESCRIPTION
Extent xiv, 284 páginas :
Other physical details ilustraciones y gráficas a blanco y negro ;
Dimensions 21 cm.
500 ## - GENERAL NOTE
General note Incluye notas a pie de página y datos biográficos de los autores.
504 ## - BIBLIOGRAPHY, ETC. NOTE
Bibliography, etc. note Bibliografía al final de cada capítulo.
505 0# - FORMATTED CONTENTS NOTE
Formatted contents note Conceptos fundamentales en la gestión del riesgo de crédito -- Los sistemas internos de Rating en la gestión del riesgo de crédito -- Modelos de incumplimiento para el desarrollo de un sistema interno de Rating -- Diseño de un sistema interno de Rating para Pymes ajustado al ciclo económico. Aplicación empírica -- La cobertura del riesgo de crédito con productos derivados -- El control de los riesgos financieros en el nuevo entorno regulatorio internacional: Basilea II -- Tratamiento del riesgo de crédito en Basilea II
520 3# - SUMMARY, ETC.
Summary, etc. La obra que tiene el lector en sus manos pretende facilitar con el rigor suficiente y de forma práctica, la comprensión y entendimiento del principal riesgo asociado al negocio bancario, como es, el riesgo del crédito. La gestión de riesgos en las entidades financieras se ha convertido en la piedra angular no ya de la actividad bancaria, sino de algo aún más trascendente, la estabilidad y progreso del mundo actual. La crisis financiera de 2007, evidenció como una mala gestión de los riesgos, sobre todo de crédito, puede provocar una hecatombe de trascendentales consecuencias, con efectos encadenados a todo el sistema financiero mundial. Los gobiernos e instituciones financieras internacionales abogan por incrementar los requerimientos de capital a los bancos con el fin de evitar otras crisis similares, mayores dotaciones que van a estar directamente relacionadas con la eficacia de los procedimientos de gestión del riesgo de crédito utilizados.<br/>Transmitir de forma clara el nuevo panorama en la gestión del riesgo de crédito, a pesar de la complejidad del tema abordado en este libro, es el objeto de los autores. Para ello, además de sentar los conceptos fundamentales del riesgo de crédito, se analiza el diseño y utilidad de los sistemas internos de rating en las distintas áreas de gestión y control de riesgo, la necesidad de instrumentos de cobertura y, la importancia de las normas internacionales de capital como mecanismo de armonización en la estabilidad financiera internacional.
650 14 - SUBJECT ADDED ENTRY--TOPICAL TERM
Topical term or geographic name entry element Riesgo crediticio
9 (RLIN) 16528
650 24 - SUBJECT ADDED ENTRY--TOPICAL TERM
Topical term or geographic name entry element Riesgo financiero
9 (RLIN) 11357
650 24 - SUBJECT ADDED ENTRY--TOPICAL TERM
Topical term or geographic name entry element Crédito
9 (RLIN) 38686
650 24 - SUBJECT ADDED ENTRY--TOPICAL TERM
Topical term or geographic name entry element Acuerdo de Basilea II
9 (RLIN) 38687
700 1# - ADDED ENTRY--PERSONAL NAME
Personal name Partal Ureña, Antonio,
Relator term autor
9 (RLIN) 38688
700 1# - ADDED ENTRY--PERSONAL NAME
Personal name Lamothe Fernández, Prosper,
Relator term prologuista
9 (RLIN) 38689
942 ## - ADDED ENTRY ELEMENTS (KOHA)
Source of classification or shelving scheme Dewey Decimal Classification
Koha item type Books
Existencias
Withdrawn status Lost status Source of classification or shelving scheme Damaged status Not for loan Collection code Home library Current library Date acquired Source of acquisition Full call number Barcode Date last seen Copy number Koha item type
    Dewey Decimal Classification     Non-fiction Biblioteca Pública José María del Castillo y Rada Biblioteca Pública José María del Castillo y Rada 04/15/2018 Donación 332.7 / G569g 430000759 05/16/2024 Ej.1 Books